Emmanuelis Alvari, e Societate Jesu, prosodia: sive institutionum linguæ Latinæ : Liber quartus. In usum studiosorum.

Bibliographic Details
Main Author: Alvares, Manuel, 1526-1583
Corporate Author: Gale (Firm)
Format: eBook
Language:Latin
Subjects:
Online Access:Connect to the full text of this electronic book

MARC

Tag First Indicator Second Indicator Subfields
LEADER 00000cam a2200000 4500
001 in00003824543
005 20190415190403.0
006 m o d
007 cr |n||||||||n
008 901210s1794 ie |||| o 00||||lat c
035 |a (CU-RivES)T202575 
035 |a (Uk-ES)006297107 
035 |a (OCoLC)509732198 
040 |a Uk-ES  |c Uk-ES  |d CStRLIN  |d Cengage Gale  |d UtOrBLW 
050 4 |a Z1215  |b .A483 1794 
100 1 |a Alvares, Manuel,  |d 1526-1583. 
240 1 0 |a Prosodia.  |p Book 4 
245 1 0 |a Emmanuelis Alvari, e Societate Jesu, prosodia: sive institutionum linguæ Latinæ :  |b Liber quartus. In usum studiosorum. 
264 3 |a Dublin :  |b Printed by Robert Napper, for Richard Cross, Bridge-Street, and R. M. Jackson, Meath-Street,  |c [1794] 
300 |a 1 online resource (105, 3 unnumbered pages)  
336 |a text  |b txt  |2 rdacontent 
337 |a computer  |b c  |2 rdamedia 
338 |a online resource  |b cr  |2 rdacarrier 
510 4 |a English Short Title Catalog,  |c T202575. 
500 |a Reproduction of original from National Library of Ireland. 
500 |a Electronic resource. 
650 0 |a Latin language  |x Grammar  |v Early works to 1800.  |0 http://id.loc.gov/authorities/subjects/sh2008106697 
655 7 |a Electronic books.  |2 local 
710 2 |a Gale (Firm)  |0 http://id.loc.gov/authorities/names/no2008071348 
752 |a Ireland  |d Dublin. 
856 4 0 |u http://proxy.library.tamu.edu/login?url=http://find.galegroup.com/ecco/infomark.do?contentSet=ECCOArticles&docType=ECCOArticles&bookId=1473600800&type=getFullCitation&tabID=T001&prodId=ECCO&docLevel=TEXT_GRAPHICS&version=1.0&source=library&userGroupName=txshracd2898  |z Connect to the full text of this electronic book  |t 0 
999 f f |s 7abe422a-46ba-3072-99cf-6d21193efd76  |i d05c59cd-f22f-3ded-a600-67adf3d7062c  |t 0 
952 f f |a Texas A&M University  |b College Station  |c Electronic Resources  |d Available Online  |t 0  |e Z1215 .A483 1794  |h Library of Congress classification 
998 f f |a Z1215 .A483 1794  |t 0  |l Available Online